00691nam a22000977a 4500040000800000082002600008100005900034245038800093300002500481856008700506 cRUA aVEM SOK 2014 B436 O.1 aSOK CHANRAKSMEY; សុខ ចាន់រស្មី aStudy on some main infectious diseases of pig after weaning until slaughter at batie district, takeo province, ការសិក្សាពីជំងឺឆ្លងសំខាន់ៗរបស់ជ្រូកក្រោយពេលផ្ដាច់ដោះរហូតដល់ពិឃាត នៅក្នុងស្រុកបាទី ខេត្តតាកែវ aix,38p.bill.c29cm. uhttps://drive.google.com/file/d/1kXDDKqSijPHGKfufIOCprKUQPaUDJoXB/view?usp=sharing